000 00902cam a2200289 4500
001 1237398
003 ARRUPE
005 20131211173141.0
008 720113s1971 nju b 001 0 eng
010 _a 70132244
020 _a0691060525
040 _aDLC
_cDLC
_dDLC
043 _ae-fr---
050 0 0 _aB1925.E5
_bW3 1971
082 0 0 _a914.4/03
100 1 _aWade, Ira Owen,
_d1896-
_95570
245 1 4 _aThe intellectual origins of the French enlightenment
_c[by] Ira O. Wade.
260 _aPrinceton, N.J.,
_bPrinceton University Press,
_c1971.
300 _axxi, 678 p.
_c25 cm.
350 _a$20.00
504 _aBibliography: p. 661-667.
650 0 _aEnlightenment
_zFrance.
_95571
650 0 _aPhilosophy, French
_y18th century.
_95572
651 0 _aFrance
_xIntellectual life
_y18th century.
_95573
906 _a7
_bcbc
_corignew
_d2
_encip
_f19
_gy-gencatlg
942 _2lcc
_cMONOGRAPH
999 _c119223
_d119223